Szczegóły MARC21

Erläuterungen zu Thomas Mann Tristan, Tonio Kröger, Mario und der Zauberer /

003 -Nazwa inst., której nr kontr. jest w polu 001 [,]
    • @
    • Nazwa instytucji, której n kontrolny jest w polu 001
    • NUKAT
005 -DATA I CZAS OSTATNIEJ MODYFIKACJI [,]
    • @
    • pole kontrolne
    • 20241231104110.0
020 -Międzynarod. znormalizowany nr książki - ISBN [ , ]
    • a
    • Numer ISBN
    • 3804403077 Find
040 -Instytucja sporządzająca opis [ , ]
    • a
    • Instytucja, która sporządziła opis (NP)
    • SZCZ U/KP
    • c
    • Instytucja, która sporządziła rekord (NP)
    • SZCZ U/KPs
    • d
    • Instytucja, która zmodyfikowała rekord (P)
    • SZCZ U/KP
942 -Rodzaj dokumentu [ , ]
    • c
    • Rodzaj dokumentu
    • Książka
100 -Hasło główne - nazwa osobowa [1, ]
    • a
    • Nazwa osobowa (NP)
    • Paintner, Peter.
    • 9
    • KHW
    • 419914
245 -Strefa tytułu i oznaczenia odpowiedzialności [1,0]
    • a
    • Tytuł
    • Erläuterungen zu Thomas Mann Tristan, Tonio Kröger, Mario und der Zauberer / Find
    • c
    • Pozostałe elementy strefy tytułu i oznaczenia odpowiedzialności (NP)
    • von Peter Paintner.
246 -Wariant tytułu [1,4]
    • a
    • Tytuł (NP)
    • Thomas Mann Tristan, Tonio Kröger, Mario und der Zauberer
260 -Strefa adresu wydawniczego [ , ]
    • a
    • Miejsce wydania (P)
    • Hollfeld :
    • b
    • Nazwa wydawcy (P)
    • C. Bange Verlag,
    • c
    • Data wydania (P)
    • cop. 1984.
300 -Strefa opisu fizycznego [ , ]
    • a
    • Określenie formy książki i/lub objętość (NP)
    • 85 s. ;
    • c
    • Format (NP)
    • 16 cm.
336 -Typ zawartości [ , ]
    • a
    • Termin opisujący typ zawartości
    • Tekst
    • b
    • Kod określający zawartość
    • txt
    • 2
    • Źródło (terminu i kodu)
    • rdacontent
337 -Typ mediów [ , ]
    • a
    • Tryb odtwarzania
    • Bez urządzenia pośredniczącego
    • b
    • Kod typu mediów
    • n
    • 2
    • Źródło (terminu i kodu)
    • rdamedia
338 -Typ/rodzaj nośnika [ , ]
    • a
    • Hasło opisujące typ nośnika
    • Wolumin
    • b
    • Kod typu nośnika
    • nc
    • 2
    • Źródło (terminu i kodu)
    • rdacarrier
490 -Strefa serii i książki wielotomowej - forma nie do wyszukiwania [1, ]
    • a
    • Tytuł (P)
    • Königs Erläuterungen und Materialien ; Find
    • v
    • Numeracja (P)
    • Bd. 288/88a
830 -Hasło dodatkowe serii i opisu książki wielotomowej - tytuł ujednolicony/tytuł [ ,0]
    • a
    • Tytuł ujednolicony/tytuł (NP)
    • Königs Erläuterungen und Materialien
    • v
    • Oznaczenie tomu (NP)
    • Bd. 288/88a
    • 9
    • KHW
    • 95449
504 -Uwaga dot. bibliogr. załącznikowej [ , ]
    • a
    • Uwaga dot. bibliografii załącznikowej
    • Bibliogr. s. 85.
600 -Hasło przedmiotowe w formie nazwy osobowej [1,7]
    • a
    • Nazwa osobowa
    • Mann, Thomas
    • d
    • Daty związane z nazwą
    • (1875-1955).
    • t
    • Tytuł
    • Mario und der Zauberer
    • 2
    • Źródło terminu
    • kaba
    • 9
    • KHW
    • 318443
600 -Hasło przedmiotowe w formie nazwy osobowej [1,7]
    • a
    • Nazwa osobowa
    • Mann, Thomas
    • d
    • Daty związane z nazwą
    • (1875-1955).
    • t
    • Tytuł
    • Tonio Kröger
    • 2
    • Źródło terminu
    • kaba
    • 9
    • KHW
    • 327074
600 -Hasło przedmiotowe w formie nazwy osobowej [1,7]
    • a
    • Nazwa osobowa
    • Mann, Thomas
    • d
    • Daty związane z nazwą
    • (1875-1955).
    • t
    • Tytuł
    • Tristan
    • 2
    • Źródło terminu
    • kaba
    • 9
    • KHW
    • 330417
650 -Hasło przedmiotowe [ ,7]
    • a
    • Hasło przedmiotowe
    • Proza niemiecka
    • y
    • Określnik chronologiczny
    • 1900-1945
    • x
    • Określnik rzeczowy
    • historia i krytyka.
    • 2
    • Źródło terminu
    • kaba
    • 9
    • KHW
    • 419699
710 -Hasło dodatkowe - nazwa ciała zbiorowego [2, ]
    • a
    • Nazwa ciała zbiorowego lub nazwa geograficzna jako pierwszy element (NP)
    • C. Bange Verlag (Hollfeld).
    • 4
    • Kod relacji
    • pbl
    • 9
    • KHW
    • 95800
920 -ISBN [ , ]
    • a
    • ISBN
    • 3-8044-0307-7 Find
Sygnatura Lokalizacja Numer inwentarzowy Status udost.
Germ. Literaturozn. - Mann T. 53BMG.1234-3
Germ. Literaturozn. - Mann T. 52BMG.1232-3